[Event "European Youth Chess Championship B18"]
[Site "Prague, Top Hotel Prague"]
[Date "2016.08.19"]
[Round "2.52"]
[White "Holtman, Teodor"]
[Black "Tirziman, Rudolf"]
[Result "1-0"]
[WhiteElo "2124"]
[BlackElo "1884"]
[PlyCount "91"]
[EventDate "2016.08.18"]

1. e4 e6 2. d4 d5 3. Nd2 Nf6 4. e5 Nfd7 5. Bd3 c5 6. c3 Nc6 7. Ne2 Qb6 8. Nf3
cxd4 9. cxd4 f6 10. exf6 Nxf6 11. O-O Bd6 12. b3 O-O 13. Bb2 Bd7 14. Nc3 Ne7
15. Ne5 Be8 16. Qd2 Nf5 17. Bxf5 exf5 18. Qf4 Kh8 19. Rad1 Rc8 20. Rc1 Bc6 21.
Qxf5 Ne4 22. Nf7+ Rxf7 23. Qxc8+ Rf8 24. Qg4 Nf6 25. Qh4 a5 26. Rb1 Ne4 27.
Nxe4 dxe4 28. d5 Bb5 29. Qg4 Rg8 30. Rbc1 Bc5 31. Bxg7+ Rxg7 32. Qc8+ Rg8 33.
Qxc5 Qxc5 34. Rxc5 Bxf1 35. Kxf1 b6 36. Rc4 Rd8 37. Rd4 Kg7 38. Ke2 Kf6 39. Ke3
Kf5 40. d6 Rd7 41. Rd5+ Ke6 42. Kxe4 Rxd6 43. Rxd6+ Kxd6 44. f4 Kc5 45. f5 Kb4
46. f6 1-0

[Event "European Youth Chess Championship B18"]
[Site "Prague, Top Hotel Prague"]
[Date "2016.08.19"]
[Round "2.53"]
[White "Kuna, Martin"]
[Black "Kassay, Krisztian"]
[Result "1/2-1/2"]
[WhiteElo "1832"]
[BlackElo "2124"]
[PlyCount "55"]
[EventDate "2016.08.18"]

1. e4 c5 2. Nf3 d6 3. d4 cxd4 4. Nxd4 Nf6 5. f3 e6 6. c4 Be7 7. Nc3 a6 8. Be3
Nbd7 9. Rc1 Qc7 10. b3 b6 11. Qd2 Bb7 12. Be2 O-O 13. O-O Rfd8 14. Rfd1 Rac8
15. Bf1 Qb8 16. Qf2 Ne5 17. Na4 d5 18. exd5 exd5 19. Nxb6 Neg4 20. fxg4 Nxg4
21. Qg3 Qxg3 22. hxg3 Nxe3 23. Nxc8 Bc5 24. cxd5 Rxc8 25. Rxc5 Nxd1 26. Rxc8+
Bxc8 27. Nc6 Kf8 28. a4 1/2-1/2

[Event "European Youth Chess Championship B18"]
[Site "Prague, Top Hotel Prague"]
[Date "2016.08.19"]
[Round "2.54"]
[White "Levitan, Tal"]
[Black "Ozcan, Kadir Kutay"]
[Result "0-1"]
[WhiteElo "2099"]
[BlackElo "1808"]
[PlyCount "108"]
[EventDate "2016.08.18"]

1. e4 c5 2. c3 d6 3. d4 Nf6 4. Bd3 g6 5. Nf3 Bg7 6. h3 O-O 7. O-O Nfd7 8. Be3
Nc6 9. d5 Nce5 10. Nxe5 Nxe5 11. Be2 f5 12. f4 Nd7 13. exf5 Rxf5 14. Bg4 Rf8
15. Be6+ Kh8 16. Nd2 Nf6 17. Nf3 Bxe6 18. dxe6 Qc8 19. Ng5 h6 20. Nf3 Qxe6 21.
Re1 Qd5 22. Qc2 Qe4 23. Qd2 Qc6 24. Rad1 Rad8 25. Qc2 Ne4 26. Bc1 d5 27. c4 e6
28. Qe2 Kh7 29. Rd3 b5 30. b3 bxc4 31. bxc4 Bf6 32. Ne5 Bxe5 33. fxe5 Rf5 34.
Qe3 g5 35. Ra3 Rd7 36. Qd3 Rdf7 37. cxd5 exd5 38. Ra6 Qb7 39. e6 Re7 40. Be3
Qc7 41. Rf1 Rxf1+ 42. Qxf1 Qe5 43. h4 d4 44. Bc1 Ng3 45. Qd3+ Kg7 46. Bd2 gxh4
47. Qf3 h5 48. a4 Qe4 49. Bh6+ Kh7 50. Qxe4+ Nxe4 51. Bf8 Rb7 52. g4 d3 53. Bh6
Re7 54. Be3 hxg4 0-1

[Event "European Youth Chess Championship B18"]
[Site "Prague, Top Hotel Prague"]
[Date "2016.08.19"]
[Round "2.55"]
[White "Shpati, Ted"]
[Black "Berthaut, Alexandre"]
[Result "1-0"]
[WhiteElo "2084"]
[BlackElo "1720"]
[PlyCount "35"]
[EventDate "2016.08.18"]

1. e4 c5 2. Nf3 g6 3. c4 Bg7 4. Nc3 Nc6 5. d3 a6 6. Be2 e6 7. O-O Nge7 8. Be3
b6 9. d4 cxd4 10. Nxd4 Bb7 11. Nxc6 Bxc6 12. Bd4 O-O 13. Bxg7 Kxg7 14. Qd4+ Kg8
15. Rfd1 Qc7 16. Rac1 Rfd8 17. Qd6 Nd5 18. Rxd5 1-0

[Event "European Youth Chess Championship B18"]
[Site "Prague, Top Hotel Prague"]
[Date "2016.08.20"]
[Round "3.1"]
[White "Vavulin, Maksim"]
[Black "Morozov, Nichita"]
[Result "1-0"]
[WhiteElo "2559"]
[BlackElo "2398"]
[PlyCount "81"]
[EventDate "2016.08.18"]

1. e4 e5 2. Nf3 Nc6 3. d4 exd4 4. Nxd4 Bc5 5. Nb3 Bb6 6. Nc3 Nge7 7. Bg5 f6 8.
Bh4 O-O 9. Qd2 a5 10. Bb5 Ne5 11. f4 N5g6 12. Bf2 Bxf2+ 13. Qxf2 c6 14. Bc4+ d5
15. O-O-O b5 16. Nxd5 cxd5 17. Rxd5 bxc4 18. Rxd8 Rxd8 19. Nc5 c3 20. bxc3 Ba6
21. Rd1 Rxd1+ 22. Kxd1 Rd8+ 23. Kc1 Rd6 24. a4 Bc8 25. Nb3 f5 26. e5 Ra6 27. g3
Nf8 28. Qc5 Kf7 29. Nxa5 Ne6 30. Qb5 Nc7 31. Qc4+ Ne6 32. Nb3 Rc6 33. Qb4 Nd5
34. Qb5 Ne7 35. Kb2 Ba6 36. Qb8 Nc5 37. Nxc5 Rxc5 38. Qd6 Rc6 39. e6+ Kf6 40.
Qe5+ Kg6 41. g4 1-0

[Event "European Youth Chess Championship B18"]
[Site "Prague, Top Hotel Prague"]
[Date "2016.08.20"]
[Round "3.2"]
[White "Hauge, Lars Oskar"]
[Black "Petrosyan, Manuel"]
[Result "0-1"]
[WhiteElo "2391"]
[BlackElo "2512"]
[PlyCount "152"]
[EventDate "2016.08.18"]

1. d4 Nf6 2. c4 e6 3. Nf3 d5 4. g3 Bb4+ 5. Bd2 Be7 6. Bg2 O-O 7. Qc2 c6 8. O-O
Nbd7 9. Bf4 b6 10. Nc3 Ba6 11. cxd5 cxd5 12. Rac1 b5 13. a4 bxa4 14. Qxa4 Qb6
15. Ne5 Nb8 16. Rc2 Bb7 17. Rfc1 Na6 18. Nd7 Nxd7 19. Qxd7 Rfe8 20. Na4 Qb3 21.
Bc7 Qb4 22. Nc5 Bxc5 23. dxc5 Nxc7 24. Qxc7 Rac8 25. Qe5 Bc6 26. e3 Ba4 27. Qc3
Rb8 28. Rd2 Bc6 29. Qc2 Rec8 30. Ra1 Be8 31. Rxa7 Rxc5 32. Qd1 Rbc8 33. Ra1 g6
34. h4 h5 35. b3 Rc3 36. Rb1 Bb5 37. Kh2 Qa3 38. e4 dxe4 39. Bxe4 Qc5 40. Bg2
Kg7 41. Bf1 Bc6 42. Bg2 Bxg2 43. Kxg2 Qf5 44. b4 Rc2 45. Rxc2 Rxc2 46. Qe1
Rxf2+ 47. Qxf2 Qxb1 48. Qc5 Qb2+ 49. Kf3 Qf6+ 50. Ke4 Qf1 51. b5 Qe2+ 52. Kd4
Qg4+ 53. Kc3 Qxg3+ 54. Kd2 Qxh4 55. b6 Qf4+ 56. Kc3 Qc1+ 57. Kb4 Qb2+ 58. Ka5
h4 59. Qe3 e5 60. Ka6 Qa2+ 61. Kb5 Qd5+ 62. Ka6 Qe6 63. Qe2 h3 64. Ka7 Qd5 65.
b7 Qa5+ 66. Kb8 Qc5 67. Ka8 Qa3+ 68. Kb8 Qg3 69. Kc8 h2 70. b8=Q h1=Q 71.
Qbxe5+ Qxe5 72. Qxe5+ Kh7 73. Kd7 Qb7+ 74. Ke8 Qc8+ 75. Kxf7 Qf5+ 76. Qf6 Qxf6+
0-1

[Event "European Youth Chess Championship B18"]
[Site "Prague, Top Hotel Prague"]
[Date "2016.08.20"]
[Round "3.3"]
[White "Bellahcene, Bilel"]
[Black "Haria, Ravi"]
[Result "1-0"]
[WhiteElo "2467"]
[BlackElo "2394"]
[PlyCount "43"]
[EventDate "2016.08.18"]

1. e4 e6 2. d4 d5 3. Nc3 Bb4 4. e5 Ne7 5. a3 Bxc3+ 6. bxc3 c5 7. Qg4 Qc7 8.
Qxg7 Rg8 9. Qxh7 cxd4 10. Kd1 Nbc6 11. Nf3 dxc3 12. Ng5 Nxe5 13. f4 f6 14. fxe5
fxg5 15. Qh5+ Kd7 16. Bb5+ Kd8 17. Bxg5 Qc5 18. Rb1 Kc7 19. Rf1 Qd4+ 20. Bd3
Nc6 21. Rf7+ Kb8 22. Qh7 1-0

[Event "European Youth Chess Championship B18"]
[Site "Prague, Top Hotel Prague"]
[Date "2016.08.20"]
[Round "3.4"]
[White "Plenca, Jadranko"]
[Black "Nguyen, Thai Dai Van"]
[Result "1/2-1/2"]
[WhiteElo "2389"]
[BlackElo "2445"]
[PlyCount "48"]
[EventDate "2016.08.18"]

1. e4 c5 2. Nf3 d6 3. Bb5+ Nd7 4. d4 Ngf6 5. O-O cxd4 6. Qxd4 a6 7. Be2 e5 8.
Qe3 b5 9. c4 bxc4 10. Nfd2 Be7 11. Nc3 O-O 12. Nxc4 Bb7 13. Rd1 Qc7 14. b3 Nc5
15. Bf3 Ne6 16. Ne2 Nd7 17. Bd2 Ndc5 18. Ba5 Qc6 19. Nc3 Bg5 20. Nd5 Bxe3 21.
Ne7+ Kh8 22. Nxc6 Bxf2+ 23. Kxf2 Bxc6 24. Nxd6 Nb7 1/2-1/2

[Event "European Youth Chess Championship B18"]
[Site "Prague, Top Hotel Prague"]
[Date "2016.08.20"]
[Round "3.5"]
[White "Tutisani, Noe"]
[Black "Santos, Ruiz Miguel"]
[Result "1/2-1/2"]
[WhiteElo "2366"]
[BlackElo "2440"]
[PlyCount "64"]
[EventDate "2016.08.18"]

1. e4 c5 2. Nf3 d6 3. d4 cxd4 4. Nxd4 Nf6 5. Nc3 a6 6. Be2 e5 7. Nb3 Be7 8. Be3
Be6 9. O-O O-O 10. Qd2 Nbd7 11. a4 Nb6 12. a5 Nc4 13. Bxc4 Bxc4 14. Rfd1 d5 15.
Bb6 Qd7 16. Nxd5 Nxd5 17. exd5 Bxb3 18. cxb3 Bd6 19. Rac1 f5 20. Bc5 Rf6 21.
Bxd6 Rxd6 22. Rc5 Re8 23. Qc3 Re7 24. f3 h6 25. Re1 e4 26. fxe4 fxe4 27. b4 Kh7
28. Qd4 Qf5 29. h3 Re5 30. Rf1 Qg5 31. h4 Qh5 32. Rf4 e3 1/2-1/2

[Event "European Youth Chess Championship B18"]
[Site "Prague, Top Hotel Prague"]
[Date "2016.08.20"]
[Round "3.6"]
[White "O`Donnell, Conor"]
[Black "Blahynka, Martin"]
[Result "1-0"]
[WhiteElo "2347"]
[BlackElo "2431"]
[PlyCount "77"]
[EventDate "2016.08.18"]

1. d4 Nf6 2. c4 b6 3. f3 Nc6 4. Nc3 e5 5. d5 Ne7 6. g4 Ng6 7. h4 h5 8. g5 Ng8
9. e4 Bd6 10. Nge2 c6 11. Be3 Qc7 12. Qd2 Bb7 13. O-O-O Rd8 14. Ng3 N8e7 15.
Nf5 Nxf5 16. exf5 Nf4 17. c5 bxc5 18. dxc6 dxc6 19. Bxf4 exf4 20. Bc4 Be5 21.
Qe2 Rd4 22. Rde1 f6 23. gxf6 gxf6 24. Ne4 Qe7 25. Qc2 Bc8 26. Nd2 Qd6 27. Nb3
Bxf5 28. Qxf5 Rxc4+ 29. Kb1 Qe7 30. Qc8+ Kf7 31. Qxh8 Qe6 32. Qxh5+ Ke7 33.
Rhg1 Kd6 34. Rd1+ Kc7 35. Qh7+ Kb6 36. Rg7 Qc8 37. Rdd7 Bb8 38. Rb7+ Ka6 39.
Qd3 1-0

[Event "European Youth Chess Championship B18"]
[Site "Prague, Top Hotel Prague"]
[Date "2016.08.20"]
[Round "3.7"]
[White "Beerdsen, Thomas"]
[Black "Portela, Peleteiro Alberto"]
[Result "1/2-1/2"]
[WhiteElo "2424"]
[BlackElo "2340"]
[PlyCount "91"]
[EventDate "2016.08.18"]

1. e4 c5 2. Nf3 e6 3. d4 cxd4 4. Nxd4 Nc6 5. Nc3 Qc7 6. Be3 a6 7. Qf3 Bd6 8.
O-O-O Be5 9. g3 Nge7 10. Qe2 d6 11. Qd2 Nxd4 12. Bxd4 O-O 13. f4 Bxd4 14. Qxd4
Rd8 15. a4 d5 16. Qe3 Bd7 17. exd5 Nxd5 18. Nxd5 exd5 19. Rxd5 Bc6 20. Rxd8+
Rxd8 21. Rg1 Re8 22. Qf2 Qa5 23. Bd3 Qxa4 24. Qb6 Bb5 25. Kb1 Bxd3 26. cxd3 Qd7
27. Rd1 Re2 28. h3 h6 29. g4 Qd5 30. g5 hxg5 31. fxg5 Qf3 32. g6 fxg6 33. Qxg6
Rxb2+ 34. Kxb2 Qxd1 35. Qe8+ Kh7 36. Qe4+ Kh6 37. Qe3+ Kh7 38. Qe4+ Kh6 39.
Qe3+ g5 40. h4 Qh5 41. Qb6+ Qg6 42. hxg5+ Kxg5 43. Qxb7 Qxd3 44. Qg7+ Kf4 45.
Qf6+ Ke3 46. Qc3 1/2-1/2

[Event "European Youth Chess Championship B18"]
[Site "Prague, Top Hotel Prague"]
[Date "2016.08.20"]
[Round "3.8"]
[White "Christiansen, Johan-Sebastian"]
[Black "Molenda, Marcin"]
[Result "1/2-1/2"]
[WhiteElo "2404"]
[BlackElo "2277"]
[PlyCount "104"]
[EventDate "2016.08.18"]

1. e4 c5 2. Nf3 e6 3. g3 Nc6 4. Bg2 d6 5. O-O Nf6 6. Re1 Be7 7. c3 O-O 8. d3
Qc7 9. Nbd2 b5 10. Nf1 Rb8 11. d4 cxd4 12. cxd4 Bb7 13. d5 exd5 14. exd5 Nb4
15. Nd4 Bxd5 16. Nf5 Rfe8 17. Bd2 Bxg2 18. Bxb4 Bh3 19. Rxe7 Rxe7 20. Bxd6 Qb7
21. Nxe7+ Kh8 22. Ne3 Rd8 23. N7f5 Qe4 24. Qb1 Qf3 25. Qd1 Qe4 26. Qb1 Qf3 27.
Nd4 Qh5 28. Nef5 Rxd6 29. Nxd6 Qd5 30. Ne4 Nxe4 31. Qe1 Nd6 32. f3 Qxd4+ 33.
Qf2 Qxf2+ 34. Kxf2 Be6 35. Rd1 Nb7 36. Rc1 h6 37. Rc7 Bd5 38. Rd7 Bc6 39. Rxf7
a5 40. Rc7 Bd5 41. b3 a4 42. bxa4 bxa4 43. a3 Kh7 44. g4 Kg6 45. h4 Kf6 46. Kg3
g6 47. Rd7 Bc6 48. Rh7 Nd6 49. Ra7 Be8 50. Kf4 Ke6 51. h5 gxh5 52. gxh5 Bd7
1/2-1/2

[Event "European Youth Chess Championship B18"]
[Site "Prague, Top Hotel Prague"]
[Date "2016.08.20"]
[Round "3.9"]
[White "Stefanov, Emil"]
[Black "Huber, Martin Christian"]
[Result "1/2-1/2"]
[WhiteElo "2505"]
[BlackElo "2377"]
[PlyCount "112"]
[EventDate "2016.08.18"]

1. d4 Nf6 2. Nf3 g6 3. Bf4 Bg7 4. e3 d6 5. Be2 O-O 6. h3 c5 7. c3 b6 8. O-O Bb7
9. a4 a6 10. Nbd2 Nbd7 11. Bh2 Ra7 12. Re1 Qa8 13. Bf1 Ne4 14. Nxe4 Bxe4 15.
Nd2 Bc6 16. Nc4 Qb7 17. Qd2 d5 18. Ne5 Nxe5 19. Bxe5 Bxe5 20. dxe5 a5 21. b3
Qb8 22. f4 Rd7 23. Qb2 f6 24. exf6 Rxf6 25. Rad1 Qf8 26. c4 d4 27. exd4 cxd4
28. Rxd4 Rxf4 29. Rxd7 Bxd7 30. Qd2 Qf5 31. Qe3 Qf6 32. c5 bxc5 33. Bc4+ Kf8
34. Qxc5 Qd4+ 35. Qxd4 Rxd4 36. Re5 Bxa4 37. Rxa5 Bc6 38. Rc5 Bb7 39. Rc7 Bd5
40. Rd7 e6 41. Bxd5 exd5 42. Rxh7 Rb4 43. Rd7 Rxb3 44. Rxd5 Kg7 45. Kf2 Kf6 46.
Rd2 Ra3 47. Re2 Kf5 48. Re3 Ra2+ 49. Kf3 g5 50. Rb3 Ra5 51. Rc3 Rb5 52. g4+ Ke5
53. Re3+ Kf6 54. Ke4 Re5+ 55. Kd4 Ra5 56. Rc3 Ra4+ 1/2-1/2

[Event "European Youth Chess Championship B18"]
[Site "Prague, Top Hotel Prague"]
[Date "2016.08.20"]
[Round "3.10"]
[White "Percivaldi, Martin"]
[Black "Kelires, Andreas"]
[Result "0-1"]
[WhiteElo "2361"]
[BlackElo "2483"]
[PlyCount "90"]
[EventDate "2016.08.18"]

1. Nf3 Nf6 2. c4 e6 3. Nc3 Bb4 4. Qc2 O-O 5. a3 Bxc3 6. Qxc3 Nc6 7. e3 d6 8. b4
e5 9. Bb2 Bg4 10. Be2 e4 11. Nd4 Bxe2 12. Nxc6 Qd7 13. Ne7+ Qxe7 14. Kxe2 c5
15. Rhd1 Rfc8 16. b5 d5 17. Rac1 Qd6 18. Qe5 Qd7 19. Kf1 Re8 20. Qc3 Rad8 21.
d4 Qd6 22. dxc5 Qxc5 23. Qb4 Qxb4 24. axb4 dxc4 25. Rxd8 Rxd8 26. Rxc4 Kf8 27.
Bd4 b6 28. Rc7 Rd7 29. Rxd7 Nxd7 30. Ke2 f6 31. f3 exf3+ 32. gxf3 Ke7 33. Kd3
Nf8 34. Bc3 Ke6 35. Be1 g5 36. Bg3 h5 37. e4 h4 38. Bb8 Nd7 39. Bc7 Ne5+ 40.
Bxe5 Kxe5 41. Ke3 h3 42. f4+ gxf4+ 43. Kd3 f3 44. Ke3 f2 45. Kxf2 Kf4 0-1

[Event "European Youth Chess Championship B18"]
[Site "Prague, Top Hotel Prague"]
[Date "2016.08.20"]
[Round "3.11"]
[White "Jarmula, Lukasz"]
[Black "Sawlin, Leonid"]
[Result "1-0"]
[WhiteElo "2452"]
[BlackElo "2322"]
[PlyCount "51"]
[EventDate "2016.08.18"]

1. e4 e6 2. d4 d5 3. Nd2 c5 4. Ngf3 Nf6 5. exd5 Qxd5 6. Bc4 Qd7 7. dxc5 Bxc5 8.
Qe2 O-O 9. Ne4 Nxe4 10. Qxe4 Qc6 11. Qh4 Be7 12. Bg5 Bxg5 13. Nxg5 h6 14. Nf3
Qb6 15. O-O-O Bd7 16. g4 Qc7 17. g5 h5 18. Qxh5 Qxc4 19. Rd4 Qc5 20. Rh4 f6 21.
Rg1 Rc8 22. Qh7+ Kf8 23. gxf6 Qxc2+ 24. Qxc2 Rxc2+ 25. Kxc2 gxf6 26. Rh8+ 1-0

[Event "European Youth Chess Championship B18"]
[Site "Prague, Top Hotel Prague"]
[Date "2016.08.20"]
[Round "3.12"]
[White "Livaic, Leon"]
[Black "Toma, Radu-Cristian"]
[Result "0-1"]
[WhiteElo "2444"]
[BlackElo "2303"]
[PlyCount "86"]
[EventDate "2016.08.18"]

1. d4 d5 2. c4 dxc4 3. e3 Nf6 4. Bxc4 a6 5. Nf3 e6 6. O-O Nbd7 7. b3 c5 8. Bb2
Be7 9. Nbd2 O-O 10. Be2 b5 11. a4 b4 12. Nc4 Bb7 13. Nfe5 cxd4 14. Nxd7 Nxd7
15. Bxd4 Bc5 16. Bb2 Nf6 17. Rc1 Ne4 18. Bf3 Qxd1 19. Rfxd1 Rac8 20. Ne5 f6 21.
Nd7 Rfd8 22. Bxe4 Bxe4 23. Rxc5 Rxc5 24. Nxf6+ gxf6 25. Rxd8+ Kf7 26. f3 Bd5
27. Bd4 Rc1+ 28. Kf2 Bxb3 29. Rb8 Rc4 30. a5 e5 31. Ba1 Ba4 32. Rb7+ Ke6 33.
Rb6+ Ke7 34. Rb7+ Kd6 35. Rb6+ Bc6 36. Kg3 Kc5 37. f4 Rc1 38. Bb2 Rc2 39. fxe5
Rxb2 40. exf6 Rxg2+ 41. Kf4 Rf2+ 42. Ke5 Bb5 43. Rb8 b3 0-1

[Event "European Youth Chess Championship B18"]
[Site "Prague, Top Hotel Prague"]
[Date "2016.08.20"]
[Round "3.13"]
[White "Vykouk, Jan"]
[Black "Hollan, Petr"]
[Result "1/2-1/2"]
[WhiteElo "2434"]
[BlackElo "2292"]
[PlyCount "54"]
[EventDate "2016.08.18"]

1. Nf3 Nf6 2. b3 e6 3. Bb2 Be7 4. g3 d5 5. c4 O-O 6. Bg2 c5 7. cxd5 Nxd5 8. O-O
Nc6 9. Nc3 Bf6 10. Qe1 b6 11. Nxd5 exd5 12. d4 Ba6 13. Qd2 Nxd4 14. Nxd4 cxd4
15. Bxd4 Bxd4 16. Qxd4 Bxe2 17. Rfe1 Ba6 18. Bxd5 Bb7 19. Rad1 Bxd5 20. Qxd5 g6
21. Qe5 Qc8 22. Rc1 Qa6 23. h4 Qxa2 24. h5 Qa5 25. hxg6 hxg6 26. Qxa5 bxa5 27.
Rc7 Rfc8 1/2-1/2

[Event "European Youth Chess Championship B18"]
[Site "Prague, Top Hotel Prague"]
[Date "2016.08.20"]
[Round "3.14"]
[White "Filipets, Egor"]
[Black "Kaczur, Florian"]
[Result "1/2-1/2"]
[WhiteElo "2301"]
[BlackElo "2426"]
[PlyCount "60"]
[EventDate "2016.08.18"]

1. d4 Nf6 2. Nf3 d5 3. Bf4 g6 4. e3 Bg7 5. c4 O-O 6. Nc3 c5 7. Rc1 cxd4 8. Nxd4
Nc6 9. Nxc6 bxc6 10. Be2 Ne4 11. cxd5 Nxc3 12. bxc3 cxd5 13. O-O e5 14. Bg3 Be6
15. c4 Qa5 16. a4 Rfd8 17. Bh4 Rd7 18. cxd5 Rxd5 19. Qc2 Qb4 20. Qc6 Rf8 21.
Bf3 Rd2 22. Qe4 Qxe4 23. Bxe4 Ra2 24. Bc6 Rc8 25. Be7 Bb3 26. Bd5 Rxc1 27. Rxc1
Bxd5 28. Rc8+ Bf8 29. f3 Be6 30. Ra8 Rxa4 1/2-1/2

[Event "European Youth Chess Championship B18"]
[Site "Prague, Top Hotel Prague"]
[Date "2016.08.20"]
[Round "3.15"]
[White "Juhasz, Armin"]
[Black "Rajkovic, Mladen"]
[Result "1-0"]
[WhiteElo "2411"]
[BlackElo "2286"]
[PlyCount "65"]
[EventDate "2016.08.18"]

1. Nf3 d5 2. d4 Nf6 3. c4 e6 4. Nc3 Be7 5. g3 O-O 6. Bg2 c6 7. O-O b6 8. Ne5
Nfd7 9. cxd5 exd5 10. Nxd5 Nxe5 11. dxe5 Bb7 12. Nxe7+ Qxe7 13. Qd6 Re8 14. Rd1
Na6 15. Bf4 c5 16. Qxe7 Rxe7 17. Bg5 f6 18. exf6 Rf7 19. fxg7 Bxg2 20. Kxg2
Rxg7 21. h4 Re8 22. Rd2 Nc7 23. Rad1 Ne6 24. Be3 c4 25. Rd7 Rge7 26. Rxe7 Rxe7
27. a4 Kf7 28. f4 Ng7 29. Kf3 Nf5 30. Bf2 h5 31. e4 Nh6 32. Rd5 Ng4 33. Rxh5
1-0

[Event "European Youth Chess Championship B18"]
[Site "Prague, Top Hotel Prague"]
[Date "2016.08.20"]
[Round "3.16"]
[White "Meunier, Clement"]
[Black "Anikonov, Dmitry"]
[Result "1/2-1/2"]
[WhiteElo "2293"]
[BlackElo "2407"]
[PlyCount "126"]
[EventDate "2016.08.18"]

1. e4 e6 2. d4 d5 3. Nd2 Be7 4. Bd3 c5 5. dxc5 Nf6 6. exd5 exd5 7. Nb3 O-O 8.
Ne2 a5 9. a4 Na6 10. Bxa6 Rxa6 11. O-O Re8 12. Nc3 h6 13. Bf4 Bg4 14. f3 Be6
15. Nb5 Rc6 16. Bd6 Nd7 17. Bxe7 Rxe7 18. Qd2 Nxc5 19. Nxa5 Ra6 20. Qd4 Qb6 21.
Nb3 Nxa4 22. Rxa4 Qxb5 23. Rxa6 bxa6 24. Qc5 Qxc5+ 25. Nxc5 Bf5 26. c3 Re2 27.
b4 Rc2 28. Rd1 Be6 29. Rd3 a5 30. bxa5 Ra2 31. Re3 Rxa5 32. Nxe6 fxe6 33. Rxe6
Ra2 34. Rd6 Rc2 35. Rxd5 Rxc3 36. Rd7 Rc2 37. h3 Kh7 38. Kh2 Kg6 39. Kg3 Kf6
40. h4 h5 41. Rd6+ Kf7 42. Rd1 Kf6 43. Rf1 Ra2 44. Rf2 Ra4 45. Rb2 Rc4 46. Rb6+
Kf7 47. Rb3 Rc2 48. f4 g6 49. Kf3 Kf6 50. g3 Ra2 51. Rb6+ Kf5 52. Rb5+ Kf6 53.
Re5 Ra3+ 54. Re3 Ra2 55. g4 hxg4+ 56. Kxg4 Ra1 57. Rh3 Rg1+ 58. Kf3 Rf1+ 59.
Kg3 Rg1+ 60. Kf2 Ra1 61. Kf3 Rf1+ 62. Kg4 Rg1+ 63. Rg3 Rh1 1/2-1/2

[Event "European Youth Chess Championship B18"]
[Site "Prague, Top Hotel Prague"]
[Date "2016.08.20"]
[Round "3.17"]
[White "Jablonicky, Martin"]
[Black "Rydl, Jiri"]
[Result "1/2-1/2"]
[WhiteElo "2198"]
[BlackElo "2401"]
[PlyCount "70"]
[EventDate "2016.08.18"]

1. c4 e5 2. Nc3 Nc6 3. Nf3 g6 4. d4 d6 5. g3 Bg7 6. dxe5 Nxe5 7. Bg2 Ne7 8. O-O
O-O 9. Nxe5 dxe5 10. Be3 Be6 11. Bc5 Re8 12. Bxb7 Qxd1 13. Raxd1 Rab8 14. Bf3
f5 15. Bxe7 Rxe7 16. Bd5 Rxb2 17. Bxe6+ Rxe6 18. Rd8+ Kf7 19. Rfd1 c6 20. R1d7+
Re7 21. Rxe7+ Kxe7 22. Ra8 Rb7 23. Na4 Kd6 24. Rd8+ Rd7 25. Rxd7+ Kxd7 26. Nc5+
Kd6 27. Nb3 e4 28. f3 exf3 29. exf3 Bf6 30. Kf2 Bd8 31. f4 Bf6 32. h4 Bc3 33.
Ke2 Bb4 34. a4 Bc3 35. Kf2 Bb4 1/2-1/2

[Event "European Youth Chess Championship B18"]
[Site "Prague, Top Hotel Prague"]
[Date "2016.08.20"]
[Round "3.18"]
[White "Nikolovski, Nikola"]
[Black "Marek, Matyas"]
[Result "0-1"]
[WhiteElo "2252"]
[BlackElo "2389"]
[PlyCount "126"]
[EventDate "2016.08.18"]

1. e4 c5 2. Nc3 e6 3. f4 d5 4. Nf3 Nc6 5. Bb5 Nge7 6. Qe2 dxe4 7. Nxe4 a6 8.
Bxc6+ Nxc6 9. d3 Be7 10. O-O O-O 11. b3 b6 12. Bb2 Bb7 13. Rae1 Qd5 14. Kh1
Rad8 15. Qf2 Nd4 16. Ne5 Ba8 17. Qg3 Nf5 18. Qh3 f6 19. Ng4 b5 20. Nd2 Rfe8 21.
Ne3 Qd7 22. Re2 Nd4 23. Ref2 Bf8 24. Qg3 Kh8 25. h4 Nf5 26. Qh3 Nxe3 27. Qxe3
Qf7 28. Qh3 Rd5 29. Ne4 c4 30. bxc4 bxc4 31. dxc4 Ra5 32. Qd3 Qh5 33. Kg1 Qxh4
34. Rf3 f5 35. Ng5 Bxf3 36. Rxf3 h6 37. Rh3 Qe1+ 38. Kh2 Kg8 39. Nf3 Qe4 40.
Qc3 Rxa2 41. Qb3 Rxb2 42. Qxb2 Qxf4+ 43. Rg3 e5 44. c5 e4 45. Qb3+ Kh8 46. Qf7
Rd8 47. Nd4 Qh4+ 48. Rh3 Qe7 49. Qxe7 Bxe7 50. Nc6 Re8 51. Nxe7 Rxe7 52. c6 e3
53. c7 Rxc7 54. Rxe3 Rxc2 55. Re5 f4 56. Kh3 Rc3+ 57. Kh4 Rg3 58. Re2 Kh7 59.
Ra2 a5 60. Kh5 Rg5+ 61. Kh4 a4 62. Rf2 a3 63. Ra2 Ra5 0-1

[Event "European Youth Chess Championship B18"]
[Site "Prague, Top Hotel Prague"]
[Date "2016.08.20"]
[Round "3.19"]
[White "Martirosyan, Haik M"]
[Black "Egri, Laszlo Jr"]
[Result "1-0"]
[WhiteElo "2461"]
[BlackElo "2257"]
[PlyCount "87"]
[EventDate "2016.08.18"]

1. d4 Nf6 2. c4 c5 3. d5 e6 4. Nc3 exd5 5. cxd5 d6 6. Nf3 g6 7. Bf4 Bg7 8. h3
O-O 9. e3 Re8 10. Nd2 Na6 11. Be2 Nc7 12. Nc4 Bf8 13. a4 b6 14. O-O Bb7 15. Bf3
Ba6 16. b3 Qd7 17. Re1 Rad8 18. e4 Bb7 19. Qd2 Qc8 20. Rad1 Qa8 21. Bg5 Be7 22.
Qf4 Kg7 23. h4 h5 24. Qc1 Nh7 25. Bf4 Nf6 26. Rd3 Kg8 27. Qd1 Bf8 28. Qd2 Be7
29. Bg3 Bf8 30. Re2 Be7 31. Bf4 Kh7 32. e5 dxe5 33. Rxe5 Bf8 34. Bg5 Bg7 35.
Rxe8 Ncxe8 36. Ne5 Kg8 37. Qf4 Qc8 38. d6 Bxf3 39. d7 Rxd7 40. Rxd7 Nxd7 41.
Qxf7+ Kh8 42. Nxg6+ Kh7 43. Ne7 Nd6 44. Qg6+ 1-0

[Event "European Youth Chess Championship B18"]
[Site "Prague, Top Hotel Prague"]
[Date "2016.08.20"]
[Round "3.21"]
[White "Seresin, Francesco"]
[Black "Kantor, Gergely"]
[Result "0-1"]
[WhiteElo "2200"]
[BlackElo "2411"]
[PlyCount "48"]
[EventDate "2016.08.18"]

1. d4 Nf6 2. c4 e6 3. Nf3 d5 4. Nc3 c6 5. e3 Nbd7 6. Qc2 Bd6 7. b3 O-O 8. Be2
b6 9. Bb2 Bb7 10. O-O Qe7 11. e4 dxe4 12. Nxe4 Nxe4 13. Qxe4 f5 14. Qc2 c5 15.
Rad1 cxd4 16. Nxd4 Rf6 17. g3 Bc5 18. Rfe1 e5 19. Nxf5 Rxf5 20. Qxf5 Rf8 21.
Rxd7 Rxf5 22. Rxe7 Bxf2+ 23. Kf1 Bc5+ 24. Bf3 Rxf3+ 0-1

[Event "European Youth Chess Championship B18"]
[Site "Prague, Top Hotel Prague"]
[Date "2016.08.20"]
[Round "3.22"]
[White "Capone, Nicola"]
[Black "Schwander, Lukas"]
[Result "1/2-1/2"]
[WhiteElo "2392"]
[BlackElo "2199"]
[PlyCount "76"]
[EventDate "2016.08.18"]

1. d4 Nf6 2. c4 g6 3. Nc3 d5 4. Nf3 Bg7 5. cxd5 Nxd5 6. Bd2 Nb6 7. e3 Nc6 8.
Bb5 O-O 9. O-O e5 10. dxe5 Nxe5 11. Nxe5 Bxe5 12. Qe2 c6 13. Bd3 Qe7 14. Rfd1
Rd8 15. Be1 Be6 16. f4 Bg7 17. Rac1 Nd5 18. Nxd5 Bxd5 19. b3 Be4 20. Bxe4 Qxe4
21. Qf3 Qxf3 22. gxf3 Bf6 23. Rxd8+ Rxd8 24. Kf1 Kf8 25. Ke2 Ke7 26. Bb4+ Ke6
27. Rc4 Rd5 28. Be1 Rh5 29. Bg3 Kd7 30. Rc2 Bh4 31. Bxh4 Rxh4 32. Kd3 Rh3 33.
Rf2 Ke6 34. Ke4 Rh5 35. Kd3 Rd5+ 36. Kc2 Rc5+ 37. Kd2 Rd5+ 38. Kc2 Rc5+ 1/2-1/2